| 000 | 00399nam a2200157Ia 4500 | ||
|---|---|---|---|
| 008 | 230312s9999||||xx |||||||||||||| ||und|| | ||
| 020 | _a0-07-066704-7 | ||
| 082 |
_a658 _bIVA-H |
||
| 100 | _aIvancevich,John.M | ||
| 245 | 0 | _aHuman Resource Management | |
| 260 |
_bTata McGraw Hill _aIndia _c2007 |
||
| 300 | _a662 | ||
| 546 | _aEng. | ||
| 650 |
_amanagement _vHuman Resource Management |
||
| 942 | _cBK | ||
| 999 |
_c5863 _d5863 |
||